Aşk ve akıl : (Record no. 9422)
| 000 -BAŞLIK | |
|---|---|
| Sabit Uzunluktaki Kontrol Alanı | 02114nam a22003497a 4500 |
| 001 - KONTROL NUMARASI | |
| Control Dosyası | 0009450 |
| 003 - KONTROL NUMARASI KİMLİĞİ | |
| Kontrol Alanı | KOHA_MİRAKIL |
| 005 - EN SON İŞLEM TARİHİ ve ZAMANI | |
| Kontrol Alanı | 20260207001709.0 |
| 007 - FİZİKSEL TANIM SABİT ALAN - GENEL BİLGİ | |
| Sabit uzunluklu kontrol alanı | ta |
| 008 - SABİT UZUNLUKTAKİ VERİ ÖGELERİ - GENEL BİLGİ | |
| Sabit Alan | 091020b2006 tu |||gr||||#||||0|tur | |
| 020 ## - ISBN - ULUSLARARASI STANDART KİTAP NUMARASI | |
| Isbn | 9754376107 |
| 040 ## - KATALOGLAMA KAYNAĞI | |
| Özgün Kataloglama Kurumu | TR-BiSEU |
| Kataloglama Dili | tur |
| Çeviri Kurumu | TR-BiSEU |
| Açıklama Kuralları | rda |
| 041 0# - DİL KODU | |
| Metin ya da ses kaydının dil kodu | tur |
| 044 ## - YAYINLAYAN/ÜRETEN KURULUŞUN ÜLKE KODU | |
| ISO country code | tu |
| 050 ## - SINIFLAMA ve YER NUMARASI | |
| Sınıflama Numarası | B29 |
| Yer Numarası | .O95 2006 |
| 100 1# - KİŞİ ADI | |
| Yazar Adı (Kişi adı) | Özkan, Senail. |
| 245 1# - ESER ADI BİLDİRİMİ | |
| Başlık | Aşk ve akıl : |
| Alt Eseradı vb. | doğu ve batı/ |
| Sorumluluk Bildirimi | Senail Özkan ; Senail Özkan. |
| 264 #1 - ÜRERİM, YAYIN, DAĞITIM ve TELİF BİLDİRİMİ | |
| Yayın yeri | İstanbul : |
| Yayınlayan | Ötüken Neşriyat |
| Yayın tarihi | 2006 |
| 300 ## - FİZİKSEL TANIMLAMA | |
| Sayfa, Cilt vb. | 207 sayfa; 20 cm. |
| 336 ## - İÇERİK TÜRÜ | |
| Content type term | metin |
| Content type code | txt |
| Source | rdacontent |
| 337 ## - MEDYA TÜRÜ | |
| Media type term | aracısız |
| Media type code | n |
| Source | rdamedia |
| 338 ## - TAŞIYICI TÜRÜ | |
| Carrier type term | cilt |
| Carrier type code | nc |
| Source | rdacarrier |
| 490 1# - DİZİ BİLDİRİMİ | |
| Dizi Bildirimi | Yayın no ;673. |
| 490 1# - DİZİ BİLDİRİMİ | |
| Dizi Bildirimi | Kültür serisi ; |
| Cilt Numarası | 326. |
| 500 ## - GENEL NOT | |
| Genel Not | Kaynakça ve dizin var. |
| 505 ## - İÇİNDEKİLER NOTU | |
| İçindekiler Notu | "Acaba bizim vatanımız gibi, geniş bir memleketi olup da onu asla görmeyen, edebiyatta gözleri ecnebi bir âleme dalmış ve yalnız o âlemden bahseden başka bir millet var mıdır?" |
| 650 #0 - KONU BAŞLIĞI EK GİRİŞ - KONU TERİMİ | |
| Konusal terim veya coğrafi ad | Felsefe. |
| 9 (RLIN) | 3265 |
| 650 #0 - KONU BAŞLIĞI EK GİRİŞ - KONU TERİMİ | |
| Konusal terim veya coğrafi ad | Phicosophy. |
| 9 (RLIN) | 23414 |
| 830 1# - SERİ EK GİRİŞİ - TEKBİÇİM ESER ADI | |
| Tekbiçim Başlık | Yayın no ;673. |
| 9 (RLIN) | 23415 |
| 830 1# - SERİ EK GİRİŞİ - TEKBİÇİM ESER ADI | |
| Tekbiçim Başlık | Kültür serisi ; |
| Volume number/sequential designation | 326. |
| 9 (RLIN) | 5523 |
| 942 ## - EK GİRİŞ ÖGELERİ (KOHA) | |
| Source of classification or shelving scheme | Library of Congress Classification |
| Koha item type | Book |
| 505 ## - İÇİNDEKİLER NOTU | |
| -- | |
| -- | "Düşünce mesaisinin önemli bir bölümünü Batı felsefesinin, mûsikîsinin, edebiyat ve sanatının zirvelerini, dehâlarını anlamaya hasretmiş bu satırların müellifi, Yahya Kemal'in yukarıdaki sözlerinden payına düşeni almakta samimidir. Büyük şâirimizin bu satırlarla meseleyi can evinden kavradığına inanmaktayım. Kendi gök kubbelerinden uzaklaşan fânilerin yabancı iklimlerde hayat ateşini kaybetme riski her zaman mevcuttur. Yabancı bir kültürün başlangıçta göz kamaştıran, fakat sonra bir anafor gibi onu kendi dehlizlerine çeken düşünce tuzaklarına düşmemek için, ufukların ötesini görebilen keskin bakışlı rehberler almak gerekmektedir yanına; tıpkı Dante'nin çelişkiler cehenneminde üstadı Vergil'i yanına kılavuz alması gibi; tıpkı İkbal'in, Batı metafiziğinin tehlikeli geçitlerinde Mevlâna'ya sığınması, diyâr-ı Rûm'un bu Pîr'inin eteğine tutunması gibi." |
| -- | |
| Materyal Türü | Kalıcı Konum | Mevcut Konum | Raf Yeri | Sınıflandırma Kaynağı | Edinim Bilgisi | Ana Konular | Alt Konular | Yer Numarası | Demirbaş Numarası | Fatura Tarihi | Maliyet, Alış Fiyatı | Maliyet, Yenileme Fiyatı | Geri Çekilme Durumu | Kayıp Durumu | Hasarlı Durumu | Kredi için değil | Kayıt Tarih | Toplam Ödünçverme | Son Görülme Tarihi | Son Kontrol Tarihi | Genel / Bağış Notu |
|---|---|---|---|---|---|---|---|---|---|---|---|---|---|---|---|---|---|---|---|---|---|
| Book | Prof. Dr. Azmi Özcan Kütüphanesi | Prof. Dr. Azmi Özcan Kütüphanesi | Uluğbey Salonu | Library of Congress Classification | Bağış | FELSEFE, PSİKOLOJİ, DİN | Felsefe (Genel) | B29 .O95 2006 | 0009450 | 13/08/2010 | 10.00 | 10.00 | 20/10/2009 | 3 | 05/12/2024 | 05/12/2024 | Ötüken Yayınevi |
